| 000 | 00735nam a22002417i 4500 | ||
|---|---|---|---|
| 005 | 20260413093345.0 | ||
| 008 | 250906s2025 jo a|||cr|||| 00| j eng d | ||
| 020 | _a9789923022245 | ||
| 040 |
_aJO-AmGAM _erda |
||
| 082 | 1 | 4 |
_aF _bJ A M |
| 100 | 1 |
_aAL-jamal، Ehab _eAuthor. |
|
| 245 | 1 | 0 |
_aAdventures in digital safety : _bHeroes Discover Online Risks / _cBy Ehab Al Jamal. |
| 250 | _aFIRST EDITION | ||
| 264 |
_aAmman : _c2025. _bEhab Al Jamal، |
||
| 300 | _aPart One. | ||
| 336 |
_2rdacontent _aنص _btxt |
||
| 337 |
_2rdamedia _aدون وسيط عرض _bn |
||
| 338 |
_2rdacarrier _aمجلد _bnc |
||
| 650 | 1 | 7 | _aChildren‘s literature. |
| 650 | 1 | 7 | _aChildren‘s stories. |
| 942 |
_2ddc _cBK |
||
| 999 |
_c248041 _d248041 |
||